000 00322nam a22001457a 4500
999 _c12154
_d12154
020 _a978-81-317-3089-8
082 _a302
100 _aElliot Aronson Timothy D.Wilson
245 _aSocial Psychology
250 _a9th edition
260 _aNew Delhi
_c2018
300 _a713
650 _aPsychology
942 _cBK